[Event "BSSZ_Aranytiz_GM"]
[Site "Budapest"]
[Date "2020.08.21"]
[Round "1.1"]
[White "Aczel, Gergely"]
[Black "Karacsonyi, Gellert"]
[Result "1-0"]
[WhiteElo "2511"]
[BlackElo "2292"]
[PlyCount "87"]
[EventDate "2020.??.??"]

1. d4 Nf6 2. c4 e6 3. Nc3 Bb4 4. e3 O-O 5. Bd2 c5 6. a3 Bxc3 7. Bxc3 Ne4 8. Ne2
b6 9. d5 d6 10. f3 Nxc3 11. Nxc3 e5 12. Qd2 f5 13. Be2 Nd7 14. O-O-O Nf6 15. h3
Qe7 16. Rde1 Bd7 17. g4 g6 18. gxf5 gxf5 19. f4 e4 20. Reg1+ Kh8 21. Qe1 Rg8
22. Rg5 Rg7 23. Rhg1 Rag8 24. Qh4 Bc8 25. Kd2 Rxg5 26. Rxg5 Rxg5 27. fxg5 Nd7
28. Qh6 Ne5 29. Nb5 Nf7 30. Qf6+ Qxf6 31. gxf6 a6 32. Nc7 Kg8 33. Na8 b5 34.
cxb5 axb5 35. Bxb5 Ng5 36. Nb6 Bb7 37. Be8 Nf3+ 38. Kc3 Kf8 39. Bc6 Ba6 40. Bd7
f4 41. Be6 Bb5 42. a4 Be8 43. exf4 Nd4 44. Kd2 1-0

[Event "BSSZ_Aranytiz_GM"]
[Site "Budapest"]
[Date "2020.08.21"]
[Round "1.2"]
[White "Persanyi, Barnabas"]
[Black "Kantor, Gergely"]
[Result "0-1"]
[WhiteElo "2370"]
[BlackElo "2530"]
[PlyCount "72"]
[EventDate "2020.??.??"]

1. e4 e5 2. Nf3 Nc6 3. Nc3 Nf6 4. d4 exd4 5. Nxd4 Bb4 6. Nxc6 bxc6 7. Bd3 O-O
8. O-O d5 9. Qf3 Rb8 10. Bg5 Be7 11. exd5 cxd5 12. Bxf6 Bxf6 13. Qxd5 Rxb2 14.
Qxd8 Rxd8 15. Ne4 Bd4 16. a3 Bd7 17. Nd2 Be6 18. Rab1 Ra2 19. Nb3 Bb6 20. Rfd1
g6 21. Nd2 Bg4 22. Nf3 Rxa3 23. Ra1 Rxa1 24. Rxa1 Rd5 25. h3 Bd7 26. Bc4 Rc5
27. Bb3 a5 28. Nd2 Bc6 29. Ra2 Rf5 30. Nc4 Rxf2 31. Nxb6 Rxg2+ 32. Kf1 cxb6 33.
Ba4 Be4 34. Rb2 Rd2 35. Rxb6 Bxc2 36. Be8 Rd8 0-1

[Event "BSSZ_Aranytiz_GM"]
[Site "Budapest"]
[Date "2020.08.21"]
[Round "1.3"]
[White "Csonka, Balazs"]
[Black "Gungl, Theo"]
[Result "1-0"]
[WhiteElo "2498"]
[BlackElo "2360"]
[PlyCount "57"]
[EventDate "2020.??.??"]

1. d4 d5 2. c4 Nf6 3. Nf3 c6 4. Qc2 dxc4 5. e4 Bg4 6. Bxc4 Bxf3 7. gxf3 b5 8.
Be2 Qxd4 9. a4 b4 10. Nd2 e6 11. Nc4 Be7 12. Bf4 O-O 13. Rd1 Qc5 14. h4 Nbd7
15. b3 Rfd8 16. Be3 Qh5 17. f4 Qg6 18. Bf3 Ng4 19. h5 Nxe3 20. fxe3 Qg3+ 21.
Ke2 Bh4 22. Rdf1 e5 23. Nd6 g6 24. Qc4 Rf8 25. hxg6 hxg6 26. Nf5 gxf5 27. Rfg1
exf4 28. Rxg3+ Bxg3 29. Qd4 1-0

[Event "BSSZ_Aranytiz_GM"]
[Site "Budapest"]
[Date "2020.08.25"]
[Round "1.4"]
[White "Nayhebaver, Martin"]
[Black "Petenyi, Tamas"]
[Result "1/2-1/2"]
[WhiteElo "2482"]
[BlackElo "2436"]
[PlyCount "20"]
[EventDate "2020.??.??"]

1. d4 Nf6 2. c4 g6 3. Nf3 Bg7 4. g3 O-O 5. Bg2 d6 6. O-O Nc6 7. Nc3 a6 8. Re1
Bd7 9. e4 e5 10. d5 Ne7 1/2-1/2

[Event "BSSZ_Aranytiz_GM"]
[Site "Budapest"]
[Date "2020.08.21"]
[Round "1.5"]
[White "Horvath, Adam"]
[Black "Horvath, Dominik"]
[Result "1-0"]
[WhiteElo "2488"]
[BlackElo "2438"]
[PlyCount "141"]
[EventDate "2020.??.??"]

1. e4 e5 2. Nf3 Nc6 3. Nc3 Nf6 4. Bb5 Nd4 5. Ba4 Nxf3+ 6. Qxf3 Bc5 7. d3 c6 8.
Bb3 d6 9. h3 O-O 10. Ne2 a5 11. a3 Be6 12. Ba2 d5 13. Ng3 Qd7 14. O-O dxe4 15.
dxe4 Bxa2 16. Rxa2 Qe6 17. Ra1 g6 18. Be3 Bxe3 19. Qxe3 Rfd8 20. Rad1 Qe7 21.
Rd2 Rxd2 22. Qxd2 h5 23. Qg5 Nd5 24. Qxe7 Nxe7 25. Rd1 Kf8 26. Nf1 Nc8 27. Rd7
Rb8 28. Rd8+ Ke7 29. Rg8 Ra8 30. Nd2 b5 31. Nf3 Kf6 32. Re8 Nb6 33. Rxe5 Nd7
34. Rg5 Re8 35. a4 bxa4 36. Rxa5 Rxe4 37. Kf1 Rb4 38. Ne1 Rxb2 39. Rxa4 Ke6 40.
Ke2 Nb6 41. Ra6 Kd6 42. h4 Nd5 43. Ra7 Nc7 44. g3 c5 45. Kd2 Rb6 46. Nd3 c4 47.
Nf4 Ra6 48. Rb7 Kc6 49. Rb8 Ra8 50. Rxa8 Nxa8 51. f3 Nc7 52. g4 hxg4 53. fxg4
Ne8 54. h5 gxh5 55. gxh5 Nf6 56. Ke3 Kc5 57. c3 Ng8 58. Ke4 Kb5 59. Kd4 Nh6 60.
Nd5 f5 61. Nf4 Ng4 62. Ne6 Nh6 63. Kd5 Ng4 64. Nd4+ Kb6 65. Ke6 f4 66. Kf5 Nh6+
67. Kxf4 Kc5 68. Kg5 Nf7+ 69. Kf6 Nh6 70. Kg7 Ng4 71. h6 1-0

[Event "BSSZ_Aranytiz_GM"]
[Site "Budapest"]
[Date "2020.08.22"]
[Round "2.1"]
[White "Karacsonyi, Gellert"]
[Black "Horvath, Dominik"]
[Result "1/2-1/2"]
[WhiteElo "2292"]
[BlackElo "2438"]
[PlyCount "45"]
[EventDate "2020.??.??"]

1. e4 c5 2. Nf3 e6 3. d4 cxd4 4. Nxd4 Nc6 5. Nc3 Qc7 6. Be3 a6 7. Qf3 Nf6 8.
O-O-O Ne5 9. Qg3 b5 10. a3 Bb7 11. Bxb5 Rc8 12. Ba4 Nxe4 13. Nxe4 Bxe4 14. Bf4
Qa5 15. Bxe5 Qxa4 16. Rd2 Bg6 17. Bd6 Bxd6 18. Qxd6 Qc4 19. Nf5 Bxf5 20. Qxd7+
Kf8 21. Qd6+ Ke8 22. Qd7+ Kf8 23. Qd6+ 1/2-1/2

[Event "BSSZ_Aranytiz_GM"]
[Site "Budapest"]
[Date "2020.08.22"]
[Round "2.2"]
[White "Petenyi, Tamas"]
[Black "Horvath, Adam"]
[Result "1/2-1/2"]
[WhiteElo "2436"]
[BlackElo "2488"]
[PlyCount "83"]
[EventDate "2020.??.??"]

1. e4 c5 2. Nf3 e6 3. d4 cxd4 4. Nxd4 Nc6 5. Nc3 Qc7 6. Be3 a6 7. Qd2 Nf6 8. f3
b5 9. O-O-O Be7 10. g4 Nxd4 11. Bxd4 b4 12. Ne2 Bb7 13. Ng3 O-O 14. g5 Ne8 15.
Kb1 a5 16. Bd3 Rc8 17. f4 Bc5 18. Bxc5 Qxc5 19. Rhe1 a4 20. e5 Nc7 21. Be4 Nd5
22. Qd4 Qa5 23. Nf5 b3 24. Nd6 bxa2+ 25. Ka1 Rc7 26. Qd2 Qxd2 27. Rxd2 Bc6 28.
Bxd5 Bxd5 29. c4 Bc6 30. Kxa2 Rb8 31. Re3 Ra7 32. f5 exf5 33. Nxf5 Rab7 34. Rf2
Rb4 35. Ne7+ Kf8 36. Nxc6 dxc6 37. e6 R8b7 38. Ref3 Rxc4 39. Rxf7+ Rxf7 40.
Rxf7+ Ke8 41. Rxg7 Rh4 42. Ka3 1/2-1/2

[Event "BSSZ_Aranytiz_GM"]
[Site "Budapest"]
[Date "2020.08.22"]
[Round "2.3"]
[White "Gungl, Theo"]
[Black "Nayhebaver, Martin"]
[Result "1/2-1/2"]
[WhiteElo "2360"]
[BlackElo "2482"]
[PlyCount "120"]
[EventDate "2020.??.??"]

1. d4 Nf6 2. c4 e6 3. Nc3 Bb4 4. f3 O-O 5. e4 Ne8 6. Be3 d5 7. Bd3 c5 8. exd5
exd5 9. dxc5 Nc7 10. Nge2 Qe7 11. Bf2 Rd8 12. Qb3 Bxc5 13. Bxc5 Qxc5 14. Nxd5
Nba6 15. Rd1 Be6 16. Qc3 Bxd5 17. cxd5 Nxd5 18. Qxc5 Nxc5 19. Kf2 Nb4 20. Bb1
Nbd3+ 21. Bxd3 Nxd3+ 22. Kg3 Nxb2 23. Rxd8+ Rxd8 24. Rc1 b6 25. Rc7 a5 26. Nc3
g6 27. Rc6 Rd2 28. Rxb6 Nc4 29. Ra6 Rc2 30. Ne4 Rxa2 31. Nd6 Nxd6 32. Rxd6 Rb2
33. Ra6 Rb5 34. Kf2 g5 35. g4 Rb2+ 36. Ke3 Rb3+ 37. Kf2 Rb5 38. Kg3 Kg7 39. h4
h6 40. h5 Rc5 41. Ra8 f6 42. Ra7+ Kg8 43. Kf2 Re5 44. Ra6 Kf7 45. Ra7+ Ke6 46.
Ra6+ Kd7 47. Ra7+ Kc6 48. Rh7 a4 49. Rxh6 a3 50. Rxf6+ Kb5 51. Rd6 a2 52. Rd1
Kb4 53. f4 Re4 54. fxg5 Rxg4 55. g6 Rg5 56. Kf3 Rxh5 57. Kf4 Rh2 58. Kf5 Rf2+
59. Ke6 Rg2 60. Kf7 Kb3 1/2-1/2

[Event "BSSZ_Aranytiz_GM"]
[Site "Budapest"]
[Date "2020.08.22"]
[Round "2.4"]
[White "Kantor, Gergely"]
[Black "Csonka, Balazs"]
[Result "1/2-1/2"]
[WhiteElo "2530"]
[BlackElo "2498"]
[PlyCount "32"]
[EventDate "2020.??.??"]

1. d4 Nf6 2. c4 e6 3. Nc3 d5 4. Bg5 Be7 5. e3 O-O 6. Nf3 h6 7. Bh4 Ne4 8. Bxe7
Qxe7 9. Rc1 c6 10. Bd3 Nxc3 11. Rxc3 dxc4 12. Bxc4 Nd7 13. O-O b6 14. Bd3 c5
15. Be4 Rb8 16. Qa4 a5 1/2-1/2

[Event "BSSZ_Aranytiz_GM"]
[Site "Budapest"]
[Date "2020.08.22"]
[Round "2.5"]
[White "Aczel, Gergely"]
[Black "Persanyi, Barnabas"]
[Result "1-0"]
[WhiteElo "2511"]
[BlackElo "2370"]
[PlyCount "67"]
[EventDate "2020.??.??"]

1. Nf3 Nf6 2. g3 b6 3. Bg2 Bb7 4. O-O e6 5. c4 Be7 6. b3 O-O 7. Bb2 d6 8. d3 c5
9. e4 Nc6 10. Nc3 Nd7 11. d4 Bf6 12. Nb5 Qb8 13. Nxd6 Qxd6 14. e5 Bxe5 15. dxe5
Qxd1 16. Rfxd1 Rad8 17. Rd6 Ndb8 18. Rad1 Rxd6 19. exd6 Rd8 20. Ng5 Na5 21. Ne4
Bxe4 22. Bxe4 Rd7 23. g4 Nb7 24. Bf3 f6 25. g5 e5 26. Bd5+ Kf8 27. f4 exf4 28.
gxf6 g5 29. h4 Nxd6 30. Be6 Nxc4 31. Rxd7 Nxd7 32. bxc4 Nb8 33. Be5 Nc6 34.
Bd6+ 1-0

[Event "BSSZ_Aranytiz_GM"]
[Site "Budapest"]
[Date "2020.08.23"]
[Round "3.1"]
[White "Persanyi, Barnabas"]
[Black "Karacsonyi, Gellert"]
[Result "0-1"]
[WhiteElo "2370"]
[BlackElo "2292"]
[PlyCount "140"]
[EventDate "2020.??.??"]

1. Nf3 c5 2. c4 g6 3. g3 Bg7 4. Bg2 Nc6 5. Nc3 d6 6. O-O e5 7. a3 Nge7 8. b4
O-O 9. Rb1 Rb8 10. d3 h6 11. Ne1 f5 12. Nc2 f4 13. Bd2 Be6 14. Nd5 g5 15. b5
Nd4 16. Nxd4 cxd4 17. Qa4 Nxd5 18. Bxd5 Bxd5 19. cxd5 Qd7 20. f3 fxg3 21. hxg3
Qh3 22. Rf2 e4 23. dxe4 d3 24. Qd1 dxe2 25. Qxe2 Qxg3+ 26. Rg2 Qxf3 27. Qxf3
Rxf3 28. Rc1 Bd4+ 29. Kh1 Rbf8 30. Bb4 Rf1+ 31. Rxf1 Rxf1+ 32. Kh2 Be5+ 33. Kh3
Rf3+ 34. Kg4 Rf4+ 35. Kh5 Kh7 36. Rg4 Rxg4 37. Kxg4 Kg6 38. Be1 h5+ 39. Kh3 Kf6
40. a4 a6 41. bxa6 bxa6 42. Bb4 Kg6 43. Be1 g4+ 44. Kh4 g3 45. Kh3 h4 46. Ba5
Kg5 47. Bd2+ Kh5 48. Be3 g2 49. Bf2 Kg5 50. Be3+ Bf4 51. Bf2 Bd2 52. e5 dxe5
53. Bxh4+ Kh5 54. Bf2 e4 55. Kxg2 e3 56. Bg3 e2 57. Kf3 e1=Q 58. Bxe1 Bxe1 59.
Ke4 Kg6 60. d6 Kf7 61. Kd5 a5 62. Kc6 Ke6 63. d7 Bh4 64. Kc7 Kd5 65. d8=Q+
Bxd8+ 66. Kxd8 Kc5 67. Kc7 Kb4 68. Kc6 Kxa4 69. Kc5 Kb3 70. Kb5 a4 0-1

[Event "BSSZ_Aranytiz_GM"]
[Site "Budapest"]
[Date "2020.08.23"]
[Round "3.2"]
[White "Csonka, Balazs"]
[Black "Aczel, Gergely"]
[Result "1/2-1/2"]
[WhiteElo "2498"]
[BlackElo "2511"]
[PlyCount "35"]
[EventDate "2020.??.??"]

1. e4 c5 2. Nf3 d6 3. Bb5+ Bd7 4. Bxd7+ Qxd7 5. c4 e5 6. Nc3 Nc6 7. O-O Be7 8.
a3 f5 9. d3 Nf6 10. Bg5 O-O 11. Rb1 Ne8 12. Bd2 fxe4 13. dxe4 Nd4 14. Nxd4 cxd4
15. Nd5 Rc8 16. Qe2 Nf6 17. Rbc1 h6 18. h3 1/2-1/2

[Event "BSSZ_Aranytiz_GM"]
[Site "Budapest"]
[Date "2020.08.23"]
[Round "3.3"]
[White "Nayhebaver, Martin"]
[Black "Kantor, Gergely"]
[Result "1/2-1/2"]
[WhiteElo "2482"]
[BlackElo "2530"]
[PlyCount "30"]
[EventDate "2020.??.??"]

1. e4 e5 2. Nf3 Nc6 3. Bb5 a6 4. Ba4 Nf6 5. O-O Be7 6. Re1 b5 7. Bb3 O-O 8. d4
d6 9. c3 Bg4 10. d5 Na5 11. Bc2 Qc8 12. h3 Bd7 13. Nbd2 c6 14. dxc6 Qxc6 15.
Nf1 Nc4 1/2-1/2

[Event "BSSZ_Aranytiz_GM"]
[Site "Budapest"]
[Date "2020.08.23"]
[Round "3.4"]
[White "Horvath, Adam"]
[Black "Gungl, Theo"]
[Result "1/2-1/2"]
[WhiteElo "2488"]
[BlackElo "2360"]
[PlyCount "119"]
[EventDate "2020.??.??"]

1. e4 c5 2. Nf3 d6 3. d4 cxd4 4. Nxd4 Nf6 5. Nc3 a6 6. Be3 e6 7. f3 b5 8. Qd2
Nbd7 9. g4 Nb6 10. a4 Nc4 11. Bxc4 bxc4 12. a5 Bb7 13. Na4 Qc7 14. O-O-O d5 15.
g5 Nd7 16. exd5 Bxd5 17. Rhe1 O-O-O 18. Ne2 Qc6 19. Nec3 Bb4 20. Nb6+ Nxb6 21.
Bxb6 Rd6 22. Qe3 Bxf3 23. Rxd6 Bxd6 24. Rf1 Bh5 25. Ne4 Be7 26. Kb1 Bg6 27. Rf4
Qd5 28. Nc3 Qh1+ 29. Ka2 Kb7 30. Rxc4 Rc8 31. Qd4 Rxc4 32. Qd7+ Kb8 33. Qa7+
Kc8 34. Qxa6+ Kd7 35. Qxc4 Qc6 36. Qd4+ Kc8 37. b4 e5 38. Qxe5 Bxb4 39. Kb2
Bxc3+ 40. Qxc3 Qxc3+ 41. Kxc3 Kb7 42. Kb3 h6 43. gxh6 gxh6 44. c4 h5 45. h4 Bf5
46. Kc3 Kc6 47. Kd4 Bc8 48. Ke5 Ba6 49. c5 Bc4 50. Kf5 Kb5 51. Kf6 Bd5 52. Ke5
Bf3 53. Kd6 Bg2 54. Bd8 Bf3 55. Bc7 Bg2 56. Bb6 Bf3 57. Kd7 Bg2 58. Kd6 Bf3 59.
Kc7 Be4 60. Kd6 1/2-1/2

[Event "BSSZ_Aranytiz_GM"]
[Site "Budapest"]
[Date "2020.08.23"]
[Round "3.5"]
[White "Horvath, Dominik"]
[Black "Petenyi, Tamas"]
[Result "1/2-1/2"]
[WhiteElo "2438"]
[BlackElo "2436"]
[PlyCount "88"]
[EventDate "2020.??.??"]

1. e4 g6 2. d4 Bg7 3. Nc3 d6 4. Be3 a6 5. f4 b5 6. a3 Nf6 7. Be2 Bb7 8. Bf3 Qc8
9. e5 Nfd7 10. h4 c5 11. dxc5 dxe5 12. Bxb7 Qxb7 13. Qd5 Nc6 14. O-O-O Nf6 15.
Qf3 exf4 16. Bxf4 O-O 17. Nge2 Rac8 18. Ne4 Nxe4 19. Qxe4 b4 20. axb4 a5 21. h5
Qxb4 22. Qxb4 Nxb4 23. Be3 Na6 24. Nf4 Nxc5 25. Rd5 Ne4 26. hxg6 hxg6 27. Rxa5
Ra8 28. Nd5 Bxb2+ 29. Kxb2 Rfb8+ 30. Kc1 Rxa5 31. Nxe7+ Kg7 32. Bd4+ f6 33. Nc6
Ra4 34. Nxb8 Rxd4 35. Nc6 Rc4 36. Na5 Rc5 37. Nb3 Rg5 38. Rg1 Rg3 39. Nd2 Nc3
40. Nf1 Rg5 41. Kd2 Ne4+ 42. Ke2 Rc5 43. Ne3 f5 44. Kd3 Kf6 1/2-1/2

[Event "BSSZ_Aranytiz_GM"]
[Site "Budapest"]
[Date "2020.08.24"]
[Round "4.1"]
[White "Karacsonyi, Gellert"]
[Black "Petenyi, Tamas"]
[Result "0-1"]
[WhiteElo "2292"]
[BlackElo "2436"]
[PlyCount "118"]
[EventDate "2020.??.??"]

1. e4 Nc6 2. Nf3 d6 3. d4 Nf6 4. Nc3 g6 5. Bf4 Bg4 6. Be2 Bg7 7. O-O Nd7 8. d5
Na5 9. Be3 Bxf3 10. gxf3 c6 11. Bd4 Bxd4 12. Qxd4 O-O 13. Qd2 cxd5 14. Nxd5 Nc6
15. Kh1 e6 16. Ne3 Nf6 17. Rad1 d5 18. exd5 Nxd5 19. Nxd5 exd5 20. Qf4 Qe7 21.
Bb5 Qc5 22. Bxc6 bxc6 23. c4 Qxc4 24. Qxc4 dxc4 25. Rc1 Rab8 26. Rxc4 Rxb2 27.
Ra4 Rd8 28. Rxa7 Rdd2 29. Kg2 Rxa2 30. Rxa2 Rxa2 31. Rc1 Ra6 32. Kg3 Kg7 33. h4
h5 34. Kf4 Kf6 35. Rc4 Rb6 36. Rc2 Ke6 37. Re2+ Kd7 38. Rd2+ Kc7 39. Re2 Rb4+
40. Kg3 Rb7 41. f4 c5 42. f5 Kd6 43. fxg6 fxg6 44. Rd2+ Ke6 45. Re2+ Kf5 46.
Rc2 Rc7 47. Rc4 Ke5 48. f3 Kd5 49. Rc1 c4 50. Kf4 c3 51. Kg5 Rc6 52. f4 c2 53.
f5 gxf5 54. Kxh5 Ke4 55. Kg5 f4 56. h5 f3 57. h6 Kd3 58. h7 Rc8 59. Rf1 Ke2 0-1

[Event "BSSZ_Aranytiz_GM"]
[Site "Budapest"]
[Date "2020.08.24"]
[Round "4.2"]
[White "Gungl, Theo"]
[Black "Horvath, Dominik"]
[Result "1/2-1/2"]
[WhiteElo "2360"]
[BlackElo "2438"]
[PlyCount "78"]
[EventDate "2020.??.??"]

1. e4 e6 2. d4 d5 3. Nd2 c5 4. exd5 Qxd5 5. Ngf3 cxd4 6. Bc4 Qd7 7. O-O Nc6 8.
Nb3 a6 9. Nbxd4 Nxd4 10. Nxd4 Qc7 11. Bb3 Bd6 12. h3 Ne7 13. c3 O-O 14. Bc2 e5
15. Nf3 Bf5 16. Bxf5 Nxf5 17. Ng5 Ne7 18. Qc2 Ng6 19. Be3 Be7 20. Rad1 Qc6 21.
Qb3 h6 22. Nf3 Rad8 23. Qb6 f5 24. b3 Kf7 25. Qxc6 bxc6 26. Bb6 Rxd1 27. Rxd1
Ke6 28. Re1 Bd6 29. c4 c5 30. Ba5 e4 31. Nd2 Be5 32. g4 Nh4 33. gxf5+ Kxf5 34.
Kf1 Bf4 35. Nxe4 Nf3 36. Re2 Nd4 37. Re1 Nf3 38. Re2 Nd4 39. Re1 Nf3 1/2-1/2

[Event "BSSZ_Aranytiz_GM"]
[Site "Budapest"]
[Date "2020.08.24"]
[Round "4.3"]
[White "Kantor, Gergely"]
[Black "Horvath, Adam"]
[Result "1-0"]
[WhiteElo "2530"]
[BlackElo "2488"]
[PlyCount "79"]
[EventDate "2020.??.??"]

1. e4 c5 2. Nf3 e6 3. d4 cxd4 4. Nxd4 a6 5. c4 Nf6 6. Nc3 Qc7 7. Be2 b6 8. O-O
Bb7 9. Qd3 d6 10. f4 Nbd7 11. b4 Be7 12. Bb2 Rc8 13. Qg3 g6 14. Bd3 e5 15. Nde2
O-O 16. f5 Qb8 17. fxg6 hxg6 18. Nd5 Bd8 19. Kh1 b5 20. c5 Nh5 21. Qh3 Ndf6 22.
g4 Bxd5 23. exd5 Ng7 24. g5 Nxd5 25. Bxg6 fxg6 26. Qb3 Qa8 27. Nc3 Bxg5 28.
Nxd5 dxc5 29. bxc5 Rfd8 30. c6 Qxc6 31. Rad1 Qe6 32. Rfe1 e4 33. Rg1 e3 34.
Rxg5 e2 35. Re1 Rc4 36. Nf6+ Kf7 37. Qf3 Nf5 38. Rxe2 Rd1+ 39. Rg1 Ng3+ 40.
hxg3 1-0

[Event "BSSZ_Aranytiz_GM"]
[Site "Budapest"]
[Date "2020.08.24"]
[Round "4.4"]
[White "Aczel, Gergely"]
[Black "Nayhebaver, Martin"]
[Result "0-1"]
[WhiteElo "2511"]
[BlackElo "2482"]
[PlyCount "72"]
[EventDate "2020.??.??"]

1. c4 Nf6 2. Nc3 e5 3. Nf3 Nc6 4. e3 d6 5. d4 g6 6. dxe5 Nxe5 7. b3 Nxf3+ 8.
Qxf3 Bg7 9. Bb2 O-O 10. Be2 Bf5 11. Qxb7 Ne4 12. Rc1 Rb8 13. Qa6 Nc5 14. Qa3
Rb6 15. Ba1 Ra6 16. Qb2 Ne4 17. c5 Rc6 18. Qa3 Nxc5 19. O-O Bd3 20. Qb2 Re8 21.
Rfd1 Bxe2 22. Qxe2 Ne6 23. Bb2 Rc5 24. g3 Nd4 25. Qd3 Nf3+ 26. Kg2 Qa8 27. e4
Ng5 28. f3 f5 29. Re1 fxe4 30. Nxe4 Bxb2 31. Rxc5 dxc5 32. Nxg5 Rxe1 33. Qd7
Bg7 34. Qf7+ Kh8 35. Kf2 Qe8 36. Qc4 Qe3+ 0-1

[Event "BSSZ_Aranytiz_GM"]
[Site "Budapest"]
[Date "2020.08.24"]
[Round "4.5"]
[White "Persanyi, Barnabas"]
[Black "Csonka, Balazs"]
[Result "1/2-1/2"]
[WhiteElo "2370"]
[BlackElo "2498"]
[PlyCount "24"]
[EventDate "2020.??.??"]

1. c4 e5 2. g3 Nf6 3. Bg2 c6 4. d4 e4 5. Nc3 d5 6. cxd5 cxd5 7. Bg5 Nbd7 8. e3
Bb4 9. Nge2 h6 10. Bxf6 Bxc3+ 11. Nxc3 Nxf6 12. Qa4+ Bd7 1/2-1/2

[Event "BSSZ_Aranytiz_GM"]
[Site "Budapest"]
[Date "2020.08.25"]
[Round "5.1"]
[White "Csonka, Balazs"]
[Black "Karacsonyi, Gellert"]
[Result "1/2-1/2"]
[WhiteElo "2498"]
[BlackElo "2292"]
[PlyCount "73"]
[EventDate "2020.??.??"]

1. e4 c5 2. Nf3 Nc6 3. d4 cxd4 4. Nxd4 g6 5. c4 Nf6 6. Nc3 d6 7. f3 Bg7 8. Be3
O-O 9. Be2 Nxd4 10. Bxd4 Be6 11. O-O Qa5 12. f4 Rac8 13. b3 a6 14. Kh1 b5 15.
f5 Bd7 16. Bxf6 Bxf6 17. Nd5 Bxa1 18. Nxe7+ Kg7 19. Qxa1+ f6 20. Nxc8 Bxc8 21.
fxg6 hxg6 22. cxb5 axb5 23. Rd1 Bb7 24. Bf3 Qb4 25. Qd4 Qxd4 26. Rxd4 Re8 27.
Kg1 Kf7 28. Rxd6 Bxe4 29. Rd7+ Ke6 30. Rd1 f5 31. Bxe4 fxe4 32. a4 Ke5 33. Kf2
Ra8 34. Ra1 Kd4 35. Rd1+ Ke5 36. Ra1 Kd4 37. Rd1+ 1/2-1/2

[Event "BSSZ_Aranytiz_GM"]
[Site "Budapest"]
[Date "2020.08.25"]
[Round "5.2"]
[White "Nayhebaver, Martin"]
[Black "Persanyi, Barnabas"]
[Result "1/2-1/2"]
[WhiteElo "2482"]
[BlackElo "2370"]
[PlyCount "114"]
[EventDate "2020.??.??"]

1. e4 e5 2. Nf3 Nc6 3. Bb5 a6 4. Ba4 Nf6 5. O-O Nxe4 6. d4 b5 7. Bb3 d5 8. dxe5
Be6 9. Nbd2 Be7 10. c3 O-O 11. Bc2 f5 12. Nb3 Qd7 13. Nbd4 Nd8 14. Bb3 c6 15.
Re1 Kh8 16. Nxe6 Nxe6 17. Nd4 Rad8 18. f3 N4g5 19. a4 Nxd4 20. cxd4 Ne6 21.
axb5 axb5 22. Be3 Ra8 23. Rc1 Bg5 24. Bxg5 Nxg5 25. Re3 Ne6 26. Rec3 Ra6 27.
Kh1 g6 28. Qd2 Rfa8 29. g3 Ra1 30. Kg2 Rxc1 31. Rxc1 Kg7 32. h4 h5 33. Qc3 Ra6
34. Qb4 Kf7 35. Rd1 Qe7 36. Qd2 f4 37. Kh3 fxg3 38. Kxg3 Kg7 39. f4 Ra8 40. Bc2
Rf8 41. Rf1 Qa7 42. Qd3 Rf5 43. Qe3 Nxd4 44. Kh2 Qe7 45. Bxf5 Nxf5 46. Qf2 d4
47. Ra1 c5 48. Kg1 c4 49. Qg2 Qxh4 50. Ra6 Qe1+ 51. Kh2 Qh4+ 52. Kg1 Qg3 53.
Ra7+ Kf8 54. Ra8+ Ke7 55. Ra7+ Kf8 56. Ra8+ Ke7 57. Ra7+ Kf8 1/2-1/2

[Event "BSSZ_Aranytiz_GM"]
[Site "Budapest"]
[Date "2020.08.25"]
[Round "5.3"]
[White "Horvath, Adam"]
[Black "Aczel, Gergely"]
[Result "1/2-1/2"]
[WhiteElo "2488"]
[BlackElo "2511"]
[PlyCount "30"]
[EventDate "2020.??.??"]

1. e4 c5 2. Nf3 d6 3. d4 cxd4 4. Nxd4 Nf6 5. Nc3 a6 6. Be2 e6 7. Be3 Be7 8. O-O
O-O 9. f4 Nc6 10. Qe1 Bd7 11. Qg3 Kh8 12. Kh1 Qc7 13. Rae1 Rac8 14. Bd3 e5 15.
fxe5 Nxe5 1/2-1/2

[Event "BSSZ_Aranytiz_GM"]
[Site "Budapest"]
[Date "2020.08.25"]
[Round "5.4"]
[White "Horvath, Dominik"]
[Black "Kantor, Gergely"]
[Result "1-0"]
[WhiteElo "2438"]
[BlackElo "2530"]
[PlyCount "151"]
[EventDate "2020.??.??"]

1. e4 e5 2. Nf3 Nc6 3. Nc3 Nf6 4. Bb5 Nd4 5. Bc4 Bc5 6. Nxe5 Qe7 7. Nf3 d5 8.
Nxd5 Qxe4+ 9. Ne3 Bg4 10. Be2 Nxe2 11. Qxe2 O-O-O 12. d3 Qe6 13. Ng5 Qd7 14.
Nxg4 Nxg4 15. O-O Rde8 16. Qd1 f5 17. Nf3 Rhg8 18. Bd2 g5 19. Bc3 f4 20. d4 Bd6
21. Qd3 Nf6 22. d5 g4 23. Bxf6 gxf3 24. Qxf3 Rg6 25. Bd4 Reg8 26. Kh1 Qf5 27.
Rg1 Rh6 28. g4 Qxc2 29. Rae1 Rhg6 30. h4 h5 31. g5 Qf5 32. Rg2 Kb8 33. Qe4 Qd7
34. f3 b6 35. Kh2 Qf7 36. a4 Rd8 37. Bf6 Rxf6 38. gxf6 Qxf6 39. Kh3 a5 40. Ree2
Ka7 41. Rg6 Qh8 42. Reg2 Re8 43. Re6 Rd8 44. Qc2 Kb8 45. Qc3 Qh7 46. Rgg6 Bc5
47. Qe5 Qd7 48. Rg7 Qc8 49. Kh2 Bd6 50. Qe2 Rf8 51. Qb5 Qd8 52. Kh3 Bc5 53. Rd7
Qc8 54. b4 Bg1 55. Rg7 Bd4 56. Rgg6 axb4 57. a5 Rd8 58. Kh2 Qd7 59. Qxb4 Bc5
60. Qe4 bxa5 61. Qb1+ Bb4 62. Rg5 Qb5 63. d6 Qb6 64. dxc7+ Qxc7 65. Qe4 Ka7 66.
Rd5 Rc8 67. Qd4+ Bc5 68. Qd3 Ka8 69. Rd7 Bg1+ 70. Kh3 Rg8 71. Qa6+ Kb8 72. Qb5+
Ka8 73. Ra6+ Ba7 74. Rxc7 Rg3+ 75. Kh2 Rg2+ 76. Kxg2 1-0

[Event "BSSZ_Aranytiz_GM"]
[Site "Budapest"]
[Date "2020.08.25"]
[Round "5.5"]
[White "Petenyi, Tamas"]
[Black "Gungl, Theo"]
[Result "1/2-1/2"]
[WhiteElo "2436"]
[BlackElo "2360"]
[PlyCount "69"]
[EventDate "2020.??.??"]

1. e4 c5 2. Nf3 d6 3. d4 cxd4 4. Nxd4 Nf6 5. Nc3 a6 6. Be3 e6 7. f3 b5 8. Qd2
Bb7 9. O-O-O Nbd7 10. Kb1 Rc8 11. Bd3 Nb6 12. g4 Nfd7 13. Nb3 d5 14. exd5 Nxd5
15. Nxd5 Bxd5 16. Be4 Bxe4 17. fxe4 Be7 18. Bd4 e5 19. Bc3 Qc7 20. Rhf1 Nf6 21.
Qg5 O-O 22. Qxe5 Qxe5 23. Bxe5 Nxg4 24. Bxg7 Kxg7 25. Rg1 h5 26. h3 Rfd8 27.
hxg4 Rxd1+ 28. Rxd1 hxg4 29. Rg1 Rc4 30. Rxg4+ Kh6 31. Rf4 Kg6 32. Rg4+ Kh5 33.
Rf4 Kg6 34. Rg4+ Kh5 35. Rf4 1/2-1/2

[Event "BSSZ_Aranytiz_GM"]
[Site "Budapest"]
[Date "2020.08.26"]
[Round "6.1"]
[White "Karacsonyi, Gellert"]
[Black "Gungl, Theo"]
[Result "1/2-1/2"]
[WhiteElo "2292"]
[BlackElo "2360"]
[PlyCount "51"]
[EventDate "2020.??.??"]

1. e4 c5 2. Nf3 d6 3. d4 cxd4 4. Nxd4 Nf6 5. Nc3 a6 6. Bg5 Nbd7 7. Bc4 Qb6 8.
Bb3 e6 9. Qd2 Be7 10. O-O-O Nc5 11. f3 Bd7 12. Kb1 Qc7 13. g4 b5 14. h4 b4 15.
Nce2 a5 16. Ng3 O-O 17. Nh5 a4 18. Bc4 Ncxe4 19. fxe4 Qxc4 20. Bxf6 Bxf6 21.
Nxf6+ gxf6 22. Qh6 a3 23. Qxf6 axb2 24. Qg5+ Kh8 25. Qf6+ Kg8 26. Qg5+ 1/2-1/2

[Event "BSSZ_Aranytiz_GM"]
[Site "Budapest"]
[Date "2020.08.26"]
[Round "6.2"]
[White "Kantor, Gergely"]
[Black "Petenyi, Tamas"]
[Result "0-1"]
[WhiteElo "2530"]
[BlackElo "2436"]
[PlyCount "72"]
[EventDate "2020.??.??"]

1. d4 c5 2. d5 d6 3. c4 g6 4. e4 Bg7 5. Nc3 a6 6. h4 Nf6 7. Be2 b5 8. cxb5 axb5
9. Bxb5+ Nbd7 10. a4 O-O 11. Nf3 Nb6 12. O-O Bg4 13. Be3 Ra5 14. Rc1 Nfd7 15.
b4 cxb4 16. Na2 Bxf3 17. gxf3 b3 18. Qxb3 Nc5 19. Bxc5 dxc5 20. Bc6 e6 21. Rfd1
Bd4 22. Rb1 Nc8 23. dxe6 Qxh4 24. exf7+ Kg7 25. Rxd4 cxd4 26. Bd5 Ne7 27. Be6
Rh5 28. Kf1 Qf6 29. Rd1 Rh1+ 30. Ke2 Rxd1 31. Kxd1 Nc6 32. Bd5 Rb8 33. Qa3 Ne5
34. a5 d3 35. Qc3 Rb1+ 36. Kd2 Qf4# 0-1

[Event "BSSZ_Aranytiz_GM"]
[Site "Budapest"]
[Date "2020.08.26"]
[Round "6.3"]
[White "Aczel, Gergely"]
[Black "Horvath, Dominik"]
[Result "1/2-1/2"]
[WhiteElo "2511"]
[BlackElo "2438"]
[PlyCount "87"]
[EventDate "2020.??.??"]

1. d4 d5 2. c4 e6 3. Nc3 c5 4. cxd5 exd5 5. Nf3 Nf6 6. Bg5 Be6 7. e4 Be7 8.
Bb5+ Nc6 9. O-O dxe4 10. Bxf6 Bxf6 11. d5 exf3 12. Qxf3 Bxc3 13. dxc6 O-O 14.
cxb7 Rb8 15. Qxc3 Qb6 16. Bc4 Bxc4 17. Qxc4 Rxb7 18. b3 Rd7 19. Rae1 Rd4 20.
Qc3 Qd6 21. Re2 h6 22. g3 Rd3 23. Qc4 Rd4 24. Qc3 Rd3 25. Qc2 Rd8 26. Rfe1 g6
27. Qc4 Rd4 28. Qc3 Rd1 29. Rxd1 Qxd1+ 30. Re1 Qd4 31. Qxd4 cxd4 32. Rd1 Kg7
33. Kf1 Kf6 34. Ke2 Rd7 35. Kd3 Rc7 36. Rd2 Ke5 37. Rc2 Rxc2 38. Kxc2 Ke4 39.
b4 f5 40. Kd2 d3 41. b5 Kd4 42. a4 Kc4 43. f4 h5 44. h4 1/2-1/2